01727nam a2200349 i 4500003000900000005001700009008004100026017001300067040004600080041000800126082002800134092000700162099003800169100003700207245006600244264006200310300003200372336002200404337002400426338003300450504010800483546011600591650003500707651001000742856005700752905000700809942001900816999001700835952017500852952017501027952017501202EG-GICUC20260121101513.0251216s1971    ua ||||fr||| 00| 00|ara d  a19706332  a EG-GICUCbarac EG-GICUCd EG-GICUCerda  aara04221a343.6bر ؤ . م04221  aLaw1 10	343.6 ر ؤ . م  1971 0 aرؤوف عبيدeمؤلف.10aمبادئ علم الإجرام  /cرؤوف عبيد. 1aالقاهرة :bدار الفكر العربي،c1971.  a؛  467 صفحة c24 سم.  2rda contentatext  2rda mediaaComputer  2rda carrieraOnline Resource  aيحتوي على ارجاعات ببليوجرافية
يحتوي على قائمة بالمراجع  aالنص أغلبه باللغة العربية بعض النصوص الإنجليزية والفرنسية14aعلم الإجرام2qrmak1 2qrmak40uhttps://fll.law.cu.edu.eg/fulltext/bks/B10-07110.pdf  a75  2ddccBKe21n0  c50966d50966  00102ddc40718القانون الجنائيaCUbLAW1d2025-12-16l0oLaw1 10	343.6 ر ؤ . م  1971  1007110	C1pB10-07110r2025-12-16 17:52:00t1w2025-12-16yBK  00102ddc40718القانون الجنائيaCUbLAW2d2025-12-16l0oLaw2 10	343.6 ر ؤ . م  1971  1007113	C3pB10-07113r2025-12-16 17:56:00t3w2025-12-16yBK  00102ddc40708القانون الجنائيaCUbLAW1d2025-12-16l0oLaw1 10	343.6 ر ؤ . م  1971  1007111	C2pB10-07111r2025-12-16 18:04:00t2w2025-12-16yBK